| 000 | 00948nam a2200289Ia 4500 | ||
|---|---|---|---|
| 001 | Para_1179 | ||
| 003 | CHAP | ||
| 008 | 220125s1997 xx 000 0 und d | ||
| 010 | _a199905 | ||
| 040 | _cCHAP | ||
| 090 | _aPA TESIS 1145 | ||
| 100 |
_aCruz Carrada, Priscilia Olivia _929320 |
||
| 245 |
_aEvaluación de posibles alternativas para el manejo integrado de plagas del frijol ejotero, en Chapingo, México / _c por Priscilia Olivia Cruz Carrada |
||
| 260 |
_aChapingo, Méx. : _b El autor |
||
| 300 | _a77 h. | ||
| 502 | _aTesis (M.C en Protección Vegetal), UACh. Depto. Parasitología | ||
| 650 |
_aEjote _x plagas _936076 |
||
| 650 |
_aFrijol _x plagas _943415 |
||
| 710 |
_aUACh. Departamento Parasitología Agrícola _9164025 |
||
| 901 | _aPA TESIS 1145 | ||
| 902 | _aM | ||
| 905 | _a0000001997 i 0000000000 00 | ||
| 910 | _a1997 | ||
| 942 | _cPARA | ||
| 942 |
_cPARA _d2 |
||
| 999 |
_c199905 _d199905 |
||